000
00293nam a22001097a 4500
082
_a
615.7 HRO'C
100
_a
HROMADKA, T.V
_9
77248
245
_a
THE COMPLEX VARIABLE BOUNDARY ELEMENT METOD IN ENGINEERING ANALYSIS
260
_a
NEWYORK
_b
SPRINGER VERTAG
_c
1987
300
_a
389P
942
_c
BK
999
_c
582548
_d
582548